000 00599nam a2200193Ia 4500
005 20250326144754.0
008 250326s9999 xx 000 0 und d
020 _a1-57958-260-5
037 _aTextbook
040 _aFMSL
_beng
_cFMSL
041 _aeng
_2eng
084 _aX0bD658(2:55)g.1 P0
_qFMSL
100 _aShim Jae K.
245 0 _aInternational Handbook of Electronic Commerce
_cShim Jae K.; Qureshi Anique A.
260 _aChicago
_bChicago, Fitzroy Dearborn Publishers
_c2000
300 _a309p
942 _cTB
_hX0bD658(2:55)g.1 P0
999 _c1304986
_d1304986